000 03527nam a2200349 a 4500
003 OSt
005 20250913062745.0
007 cr ||||||a|c|a
008 240829s2024 mx a|||fom||| 001 0 spa d
040 _erda
100 1 _aLópez Sánchez, Juan Manuel
_9189499
245 1 0 _aCaracterización del espacio poroso del suelo bajo distintos sistemas de laboreo, en El Valle del Ebro /
_cpor Juan Manuel López Sánchez; director de tesis Gilberto de Jesús López Canteñs; secretario Noel Chávez Aguilera; vocal José Guadalupe Gaytán Ruelas; suplente Francisco Muñoz Gómez; suplente Carlos Alberto Villaseñor Perea.
264 1 _aChapingo, México :
_bEl autor,
_c2024.
300 _a1 recurso en línea (61 páginas):
_bcuadros, figuras.
336 _2rdacontent
_atexto
_btxt
337 _2rdamedia
_acomputadora
_bc
338 _2rdacarrier
_arecurso en línea
_bcr
502 _bIMAg
_cMecánica
_d2024.
_gLIC
504 _aIncluye referencias bibliográficas: páginas 48-51.
520 _aLas propiedades hidráulicas del suelo y la continuidad de los poros del suelo son parámetros importantes para indicar la calidad de los suelos, las cuales pueden variar dependiendo del sistema de labranza implementado y la posición respecto de la hilera del cultivo. El objetivo del presente estudio fue determinar el impacto en las propiedades hidráulicas del suelo agrícola y la característica de sus poros provocado por diversos sistemas de labranza, en una zona de secano con clima Mediterráneo continental templado, de un campo experimental de Sénes de Alcubierre, al NE de España. Se utilizaron muestras de suelo no perturbadas para la determinación de las curvas de retención de agua en el suelo, θ(Ψ), y la conductividad hidráulica, K(Ψ), en dos sistemas de labranza (labranza intensiva, IT vs labranza cero, NT) y dos posiciones (dentro de la hilera del cultivo, W-row vs entre hileras del cultivo, B-row). Los resultados mostraron que IT tuvo una mayor conductividad hidráulica, K, que NT a mayor potencial matricial, Ψ (≥ -10 cm H2O), pero no hubo diferencias significativas a menor Ψ. IT mostro un volumen mayor de poros que NT en la clase de tamaños de poros de 1000-300 y 300-60 μm, en cambio, en la clase porosa <3 μm, NT mostro un volumen mayor que IT. Se obtuvo una conductividad específica alta, Ksp, mayor para IT en comparación con NT, observándose que los poros de mayor tamaño >3000 μm son los que mejor conducen, IT mostro una mejor continuidad de los poros que NT. La posición W-row tuvo una Ksp significativamente mayor para la clase porosa >3000 μm que la posición B-row. Este estudio demuestra que la labranza favorece a una mayor conductividad hidráulica en comparación con la siembra directa; sin embargo, la labranza cero favorece la retención y almacenamiento de agua en el suelo.
650 4 _aConductividad hidráulica
_926345
650 4 _aSuelos
_xHumedad
_9110391
650 7 _aLabranza
_xEfecto en suelos
_2
_964305
650 4 _aAgricultura de conservación
_9164946
700 1 _aLópez Canteñs, Gilberto de Jesús
_967746
_eDirector de tesis.
700 1 _aChávez Aguilera, Noel
_922656
_eSecretario.
700 1 _aGaytán Ruelas, José Guadalupe
_eVocal.
_947360
700 1 _aMuñoz Gómez, Francisco
_979600
_eSuplente.
700 1 _aVillaseñor Perea, Carlos Alberto
_eSuplente.
_9119699
856 _uhttp://10.13.5.2/tesis/tl/1511392-2_LOPEZ_SANCHEZ_JUANMANUEL.pdf
_zDESCARGAR PDF
942 _2Clasificación Universidad Autónoma Chapingo
_cTD
999 _c220120
_d220120